000 00772cam a2200241 a 4500
001 000016042
003 OSt
005 20201002113132.0
008 850515s1981 ag a 001 0 spa
040 _aDO-SdBNP
_bspa
_cBNPHU
082 _a347.069
_bO84a, 1981
100 1 _aOssorio y Gallardo, Angel,
_d1873-1946.
_936002
245 1 3 _aEl alma de la toga / :
_bÁngel Ossorio.
260 _aBuenos Aires :
_bJurídicas Europea-América,
_c1981.
300 _axl, 403 p. :
_bil ;
_c16 cm.
490 1 _aBrevarios de derecho
_v63
590 _aInventariado 2020 / DG
650 4 _aAbogados
_xÉtica profesional
_zEspaña
_936003
650 4 _aAbogados
_zEspaña
_936004
830 0 _aBrevarios de derecho
_n63
_936005
910 _aInventariado, 2020 / DG
942 _2ddc
_cLF1
999 _c15583
_d15583